| 000 | 00423cam a2200169ua 4500 | ||
|---|---|---|---|
| 020 | _c2.00 | ||
| 041 |
_aeng _h |
||
| 082 |
_a330.1 _bGAN/ ES |
||
| 100 | _aGanapathi, . | ||
| 245 |
_aEssays on the trade cycle / _cGanapathi. _hTextual Documents |
||
| 260 |
_aMadras : _bDepartment of economics, Loyola college , _c1959. |
||
| 300 | _a94 ; . | ||
| 365 | _a2.00 | ||
| 504 | _a | ||
| 942 | _cBK | ||
| 999 |
_c2102 _d2102 |
||